| 000 | nam a22 7a 4500 | ||
|---|---|---|---|
| 999 |
_c51973 _d51973 |
||
| 003 | OSt | ||
| 005 | 20220528112110.0 | ||
| 008 | 220528b xxu||||| |||| 00| 0 eng d | ||
| 040 | _cIIMT UNIVERSITY MEERUT | ||
| 100 | _aBABU , S. SURESH | ||
| 245 | _aTHE PRINCIPLES AND PRACTICS OF KAYA CIKITSA VOL-1 | ||
| 250 | _a1 ST | ||
| 260 |
_aNEW DELHI _bARISTA _c14-05-2022 |
||
| 300 | _a264 | ||
| 942 |
_2ddc _c01 |
||